000 00645nam a2200217Ia 4500
999 _c2655
_d2655
003 0100
008 130227s9999 xx 000 0 und d
040 _cARRUPELIB
050 _aDT1008.A15
245 _aFive hundred years rediscovered Southern African precedents and prospects
245 _b500 year initiative; 2007 conference proceedings
260 _bWits University Press
_aJohannesburg
_c2008
300 _a284p.
300 _b 23 cm
650 _aAfrica, Southern
_xHistory
_xCongresses
_930471
650 _aAfrica, Southern
_xAntiquities
_xCongresses
_930472
650 _aSouth Africa
_xHistory
_xCongresses
_930473
650 _aSouth Africa
_xAntiquities
_xCongresses
_930474
700 _aSwanepoel, Natalie ; Esterhuysen, Amanda; Bonner, Philip (ed.)
_930475
942 _2lcc
_cMONOGRAPH